| 000 | 00527nam a2200193 a 4500 | ||
|---|---|---|---|
| 005 | 20210219154721.0 | ||
| 008 | 031205s2002 mx r 000 0 spa d | ||
| 020 | _a8477389829 | ||
| 035 | _aUPN01000131107 | ||
| 049 | _aCG | ||
| 050 | 4 |
_aP105 _bM3.5 |
|
| 100 | 1 | _aMaceiras Fafián, Manuel | |
| 245 | 1 | 0 |
_aMetamorfosis del lenguaje / _cManuel Maceiras Fafián. |
| 260 |
_aMadrid : _bSíntesis, _c2002. |
||
| 300 | _a447 p. | ||
| 440 | 0 |
_aSíntesis. _pFilosofía ; _v12 |
|
| 650 | 4 |
_aLENGUAJES - _xFILOSOFIA |
|
| 905 | _aLibro | ||
| 999 |
_c103262 _d103262 |
||